ha-Yam she-enenu male : (Record no. 33133)
[ view plain ]
| 000 -LEADER | |
|---|---|
| fixed length control field | 00543cam a22002051 4500 |
| 001 - CONTROL NUMBER | |
| control field | he 68000877 |
| 003 - CONTROL NUMBER IDENTIFIER | |
| control field | DLC |
| 005 - DATE AND TIME OF LATEST TRANSACTION | |
| control field | 20260227111456.0 |
| 008 - FIXED-LENGTH DATA ELEMENTS--GENERAL INFORMATION | |
| fixed length control field | 840613s1967 is 000 0 heb |
| 010 ## - LIBRARY OF CONGRESS CONTROL NUMBER | |
| LC control number | he 68000877 |
| 035 ## - SYSTEM CONTROL NUMBER | |
| System control number | (OCoLC)19152730 |
| 040 ## - CATALOGING SOURCE | |
| Original cataloging agency | DLC |
| Transcribing agency | MH |
| Modifying agency | CU |
| -- | DLC |
| 042 ## - AUTHENTICATION CODE | |
| Authentication code | premarc |
| 050 00 - LIBRARY OF CONGRESS CALL NUMBER | |
| Classification number | PJ5054.H26 |
| Item number | Y3 |
| 100 1# - MAIN ENTRY--PERSONAL NAME | |
| Personal name | Halevy, Benjamin, |
| Dates associated with a name | 1913- |
| 245 13 - TITLE STATEMENT | |
| Title | ha-Yam she-enenu male : |
| Remainder of title | shirim. |
| 260 ## - PUBLICATION, DISTRIBUTION, ETC. | |
| Place of publication, distribution, etc. | Merḥavyah : |
| Name of publisher, distributor, etc. | Sifriyat poʻalim, |
| Date of publication, distribution, etc. | [1967] |
| 300 ## - PHYSICAL DESCRIPTION | |
| Extent | 85 p. ; |
| Dimensions | 22 cm. |
| 752 ## - ADDED ENTRY--HIERARCHICAL PLACE NAME | |
| Country or larger entity | Israel |
| City | Merḥavyah |
No items available.